| 000 | 00415cam a2200169ua 4500 | ||
|---|---|---|---|
| 020 | _c1.25 | ||
| 041 |
_amal _h |
||
| 082 |
_a950 _bRAT/AS |
||
| 100 | _aRatna swami, M . | ||
| 245 |
_aAsiayude Charithram / _cM.Ratna swami. _hTextual Documents |
||
| 260 |
_aKalloor : _bSahithya nilayam pulishing house , _c1960. |
||
| 300 | _a130 ; . | ||
| 365 | _a1.25 | ||
| 504 | _a | ||
| 942 | _cBK | ||
| 999 |
_c802 _d802 |
||